00338pam a2200121 a 4500020000500000041000500005082001300010100005000023245007900073250000800152260004300160300001300203 c h a332.0973 aPORTER (Gary .A.) / NORTON (Curtist.)eauthor aFinancial Accounting. (the impact of decisison Makers) hTextual Document a2nd bThe Dryden Press Chicago Chicagoc1998 aXXIX,797